LOST Episode Titles Quiz Stats

 Plays Quiz not verified by Sporcle

Support Sporcle.
Go Orange.
Score 0/134 Timer 20:00
0 Plays Today
Season Number Episode Title % Correct
Season 2?
83.7%
Season 1Walkabout
64%
Season 1White Rabbit
61.6%
Season 1Tabula Rasa
59.3%
Season 6The End
59.3%
Season 6The End
59.3%
Season 2Everybody Hates Hugo
53.5%
Season 2What Kate Did
51.2%
Season 1The Moth
48.8%
Season 3Through the Looking Glass
47.7%
Season 3Through the Looking Glass
47.7%
Season 1Confidence Man
46.5%
Season 1All the Best Cowboys Have Daddy Issues
46.5%
Season 2Live Together, Die Alone
46.5%
Season 2Live Together, Die Alone
46.5%
Season 1House of the Rising Sun
45.3%
Season 1Numbers
45.3%
Season 2The Other 48 Days
45.3%
Season 6What Kate Does
45.3%
Season 1Deus Ex Machina
44.2%
Season 2Man of Science, Man of Faith
44.2%
Season 6Everybody Loves Hugo
43%
Season 1... In Translation
40.7%
Season 2The Long Con
39.5%
Season 4The Constant
39.5%
Season 1Whatever the Case May Be
38.4%
Season 2Adrift
38.4%
Season 3A Tale of Two Cities
38.4%
Season 5The Variable
38.4%
Season 6LA X
38.4%
Season 6LA X
38.4%
Season 1Raised by Another
37.2%
Season 1Born to Run
37.2%
Season 3Expose
37.2%
Season 6What They Died For
37.2%
Season 1Special
36%
Season 3Enter 77
36%
Season 3Par Avion
36%
Season 5The Incident
36%
Season 5The Incident
36%
Season 1Solitary
34.9%
Season 1Hearts and Minds
34.9%
Season 2Orientation
34.9%
Season 2... And Found
34.9%
Season 3The Glass Ballerina
34.9%
Season Number Episode Title % Correct
Season 3Not In Portland
34.9%
Season 3Tricia Tanaka is Dead
34.9%
Season 3The Man from Tallahassee
34.9%
Season 3Greatest Hits
34.9%
Season 3Flashes Before Your Eyes
33.7%
Season 3One of Us
33.7%
Season 4The Beginning of the End
33.7%
Season 4Meet Kevin Johnson
33.7%
Season 1Do No Harm
32.6%
Season 2One of Them
32.6%
Season 2Lockdown
32.6%
Season 2S. O. S.
32.6%
Season 3I Do
32.6%
Season 3Stranger in a Strange Land
32.6%
Season 4Eggtown
32.6%
Season 6Lighthouse
32.6%
Season 1The Greater Good
31.4%
Season 2Dave
31.4%
Season 3The Man Behind the Curtain
31.4%
Season 5Jughead
31.4%
Season 5He's Our You
31.4%
Season 2Three Minutes
30.2%
Season 3The Brig
30.2%
Season 6Ab Aeterno
30.2%
Season 6Across the Sea
30.2%
Season 1Homecoming
29.1%
Season 1Outlaws
29.1%
Season 2Abandoned
29.1%
Season 2The 23rd Psalm
29.1%
Season 2Fire + Water
29.1%
Season 3D. O. C.
29.1%
Season 5LaFleur
29.1%
Season 5Whatever Happened, Happened
29.1%
Season 2Collision
27.9%
Season 2Two for the Road
27.9%
Season 4Ji Yeon
27.9%
Season 5Because You Left
27.9%
Season 5The Little Prince
27.9%
Season 5Namaste
27.9%
Season 6Sundown
27.9%
Season 6Dr. Linus
27.9%
Season 3Catch - 22
26.7%
Season 4The Other Woman
26.7%
Season 4Cabin Fever
26.7%
Season 5316
26.7%
Season Number Episode Title % Correct
Season 5The Life and Death of Jeremy Bentham
26.7%
Season 5Dead is Dead
26.7%
Season 5Some Like it Hoth
26.7%
Season 2Maternity Leave
25.6%
Season 4Confirmed Dead
25.6%
Season 6The Candidate
25.6%
Season 3Every Man for Himself
24.4%
Season 5The Lie
24.4%
Season 6Recon
24.4%
Season 3The Cost of Living
23.3%
Season 4The Economist
23.3%
Season 3Further Instructions
22.1%
Season 6The Substitute
22.1%
Season 1Pilot (Part 1)
20.9%
Season 2The Hunting Party
20.9%
Season 2The Whole Truth
20.9%
Season 3Left Behind
20.9%
Season 4The Shape of Things to Come
20.9%
Season 4Something Nice Back Home
20.9%
Season 5Follow the Leader
20.9%
Season 1Pilot (Part 2)
19.8%
Season 5This Place is Death
19.8%
Season 6Happily Ever After
18.6%
Season 1Exodus (Part 1)
17.4%
Season 1Exodus (Part 2)
17.4%
Season 1Exodus (Part 2)
17.4%
Season 6The Last Recruit
17.4%
Season 6The Package
16.3%
Season 4There's No Place Like Home (Part 1)
9.3%
Season 4There's No Place Like Home (Part 2)
9.3%
Season 4There's No Place Like Home (Part 2)
9.3%
SpecialLost: The Journey
1.2%
SpecialLost: Revelation
1.2%
SpecialDestination Lost
0%
SpecialLost Reckoning
0%
SpecialLost: A Tale of Survival
0%
SpecialLost Survivor Guide
0%
SpecialLost: The Answers
0%
SpecialLost: Past, Present & Future
0%
SpecialLost: Destiny Calls
0%
SpecialLost: The Story of the Oceanic 6
0%
SpecialLost: A Journey Through Time
0%
SpecialLost: Final Chapter
0%
SpecialLost: The Final Journey
0%

You're not logged in!

Compare scores with friends on all Sporcle quizzes.
OR
Log In

From the Vault

Closest Countries to the South Pole A-Z

by markassonne

The North Pole might get all the headlines, but the South Pole has penguins, which we think is pretty cool.
Remove Ads.
Support Sporcle.
Get the best of Sporcle when you Go Orange. This ad-free experience offers more features, more stats, and more fun while also helping to support Sporcle. Thank you for becoming a member.

Show Comments

Extras

Top Quizzes Today


Score Distribution

Your Account Isn't Verified!

In order to create a playlist on Sporcle, you need to verify the email address you used during registration. Go to your Sporcle Settings to finish the process.

Report this User

Report this user for behavior that violates our Community Guidelines.

Details: